000 00595nam a2200181 a 4500
005 20250114063753.0
008 030514s2006 mx r 000 0 spa d
020 _a8478717714
035 _aUPN01000124226
049 _aCG
050 4 _aPC4761
_bM5.2
100 1 _aMillán, José Antonio,
_d1954-
_937686
245 1 3 _aEl candidato melancólico :
_bde dónde vienen las palabras, cómo viajan, por qué cambian y qué historias cuentan-- /
_cJosé Antonio Millán.
260 _aBarcelona, Esp. :
_bRBA,
_c2006.
300 _a168 p.
650 4 _aEspañol
_xEtimologías
_917570
905 _aLibro
999 _c96405
_d96405